Historia de los europeos

Сохранить в:
Библиографические подробности
Главный автор: Duroselle, Jean-Baptiste (Автор)
Формат:
Язык:испанский
Опубликовано: Madrid Aguilar 1990
Предметы:
Метки: Добавить метку
Нет меток, Требуется 1-ая метка записи!

MARC

LEADER 00000nam a2200000 a 4500
001 UCV9013
003 CL-VaPUC
008 920415e19900000SP |||||||||||||||||spa|d
082 0 4 |a 940  |b DUR  |2 21 
100 0 |a Duroselle, Jean-Baptiste  |e author  |9 302988 
245 1 0 |a Historia de los europeos 
300 |a 418 p 
942 |c BK 
945 |d 19920415 00:00:00 
260 |a Madrid  |b Aguilar  |c 1990 
650 0 |a Historia  |9 255047 
651 0 |a Europa  |9 255156 
583 |a last modification  |c 19920415 00:00:00  |k Rodrigo Vera 
999 |c 214413  |d 214411 
952 |0 0  |1 0  |4 0  |6 940_000000000000000_DUR_1990  |7 0  |8 A  |9 197734  |a BIBHIS  |b BIBHIS  |d 2019-11-14  |i 2654008  |o 940 DUR 1990  |p 2654008  |r 2025-01-20  |w 2019-11-14  |y BK  |k HIS